2.301 al 2.350. Decretos leyes dictados por la Junta de Gobierno de la República de Chile
保存先:
| フォーマット: | 図書 |
|---|---|
| 言語: | スペイン語 |
| 出版事項: |
Santiago
Jurídica de Chile
1978
|
| シリーズ: | Textos Legales, 56
|
| 主題: | |
| タグ: |
タグ追加
タグなし, このレコードへの初めてのタグを付けませんか!
|
MARC
| LEADER | 00000nam a2200000 a 4500 | ||
|---|---|---|---|
| 001 | UCR0878 | ||
| 003 | CL-VaPUC | ||
| 008 | 971205e19780000CL |||||||||||||||||spa|d | ||
| 082 | 0 | 4 | |a 348.022 |b DEC |2 21 |
| 245 | 1 | 0 | |a 2.301 al 2.350. Decretos leyes dictados por la Junta de Gobierno de la República de Chile |
| 300 | |a 265 p | ||
| 942 | |c BK | ||
| 945 | |d 19971205 00:00:00 |a lriquelm | ||
| 260 | |a Santiago |b Jurídica de Chile |c 1978 | ||
| 650 | 7 | |a LEGISLACION |2 CL-VaPUC |9 397412 | |
| 650 | 7 | |a FUENTES |2 CL-VaPUC |9 255666 | |
| 650 | 7 | |a DERECHO CHILENO |2 CL-VaPUC |9 397413 | |
| 650 | 7 | |a DECRETO LEY |2 CL-VaPUC |9 382553 | |
| 651 | 7 | |a CHILE |2 CL-VaPUC |9 397414 | |
| 583 | |a last modification |c 19971205 00:00:00 |k Rodrigo Vera | ||
| 490 | 0 | |a Textos Legales, 56 | |
| 999 | |c 264376 |d 264374 | ||